000 00323nam a2200133Ia 4500
008 191201s2013 xx 000 0 und d
100 _aSHARMA, sanjay
245 0 _aMicroelectronics Analog and Digital
250 _a1st
260 _aN. delhi
_bS.K.Kataria
_c2013
300 _a724
650 _aB.Tech(ECE)
942 _2ddc
_cBK
999 _c108
_d108